000 01398nab a22002417a 4500
999 _c5980
_d5980
003 OSt
005 20260115173342.0
008 190605e xxu||||| |||| 00| 0 spa d
040 _cPJ
100 _96175
_aIbañez, Priscila
245 1 3 _aLa perspectiva de género y su incidencia en la determinación de los salarios /
_cPriscila Ibañez, Fernando Almejún.
260 _aCiudad Autónoma de Buenos Aires :
_bThomson Reuters La Ley,
_c2022.
300 _ap. 16-22
500 _aCita: TR LALEY AR/DOC/3147/2022.
505 _aSumario: I. Introducción. — II. La madre del borrego: los estereotipos de género. — III. Una pista con mayores obstáculos: Sobre las paredes invisibles, escaleras rotas, pisos pegajosos y techos de cristal. — IV. El trabajo de igual valor: importancia y fundamentos del concepto. — V. ¿Cómo se determina el valor de un trabajo? — VI. El rol de los distintos actores sociales. — VII. Conclusiones finales.
505 _t¿Te interesa el texto completo? Solicitalo al correo: koha@justierradelfuego.gov.ar
650 0 _91316
_aDERECHO LABORAL
650 0 _91570
_aDERECHOS DEL TRABAJADOR
650 0 _94044
_aPERSPECTIVA DE GÉNERO
700 _96789
_aAlmejún, Fernando
773 0 _02711
_93168
_dCiudad Autónoma de Buenos Aires : Thomson Reuters La Ley, 1999-2002.
_tRevista de derecho del trabajo. Nº 6 - Noviembre 2022
942 _2udc
_cANA